|
|
|
|
| LEADER |
01591nam a2200409Ia 4500 |
| 001 |
EBC496119 |
| 003 |
MiAaPQ |
| 005 |
20200520144314.0 |
| 006 |
m o d | |
| 007 |
cr cn||||||||| |
| 008 |
061127s2007 nyua sb 001 0 eng d |
| 010 |
|
|
|z 2006052524
|
| 020 |
|
|
|z 1403975728
|
| 020 |
|
|
|z 9781403975720
|
| 035 |
|
|
|a (MiAaPQ)EBC496119
|
| 035 |
|
|
|a (Au-PeEL)EBL496119
|
| 035 |
|
|
|a (CaPaEBR)ebr10194107
|
| 035 |
|
|
|a (CaONFJC)MIL136612
|
| 035 |
|
|
|a (OCoLC)314794841
|
| 040 |
|
|
|a MiAaPQ
|c MiAaPQ
|d MiAaPQ
|
| 050 |
|
4 |
|a HF1413
|b .E585 2007
|
| 245 |
0 |
0 |
|a Envisioning a sustainable development agenda for trade and environment
|h [electronic resource] /
|c edited by Adil Najam, Mark Halle, and Ricardo Melendez-Ortiz.
|
| 250 |
|
|
|a 1st ed.
|
| 260 |
|
|
|a New York :
|b Palgrave Macmillan,
|c 2007.
|
| 300 |
|
|
|a xiii, 282 p. :
|b ill.
|
| 504 |
|
|
|a Includes bibliographical references and index.
|
| 533 |
|
|
|a Electronic reproduction. Ann Arbor, MI : ProQuest, 2015. Available via World Wide Web. Access may be limited to ProQuest affiliated libraries.
|
| 650 |
|
0 |
|a Sustainable development
|z Developing countries.
|
| 650 |
|
0 |
|a Environmental economics
|z Developing countries.
|
| 650 |
|
0 |
|a International trade
|x Environmental aspects.
|
| 651 |
|
0 |
|a Developing countries
|x Commercial policy
|x Environmental aspects.
|
| 655 |
|
4 |
|a Electronic books.
|
| 700 |
1 |
|
|a Najam, Adil.
|
| 700 |
1 |
|
|a Halle, Mark.
|
| 700 |
1 |
|
|a Melendez-Ortiz, Ricardo.
|
| 710 |
2 |
|
|a ProQuest (Firm)
|
| 856 |
4 |
0 |
|u https://ebookcentral.proquest.com/lib/matrademy/detail.action?docID=496119
|z Click to View
|